00198nam a2200085Ia 4500008004100000100001800041245003200059260001200091260000900103170617s9999 xx 000 0 und d aKar- Ashutosh 0aPharmaceutical Microbiology bNew Age c2009